000 01455cam a2200385 a 4500
001 000013565
005 20240605113345.0
008 951213s1995 ve b 000 0 spa
020 _a9803170732
040 _aDO-SdBNP
_bspa
_cDLC
_dBNPHU
082 _a338.9
_bC962a
245 0 0 _aCuba :
_bapertura y reforma económica, perfil de un debate /
_cBert Hoffmann, editor; Julio Carranza...[et al].
260 _aCaracas, Venezuela :
_bInstituto de Estudios Iberoamericanos de Hamburgo ;
_bEditorial Nueva Sociedad,
_c1995.
300 _a168 p. ;
_c23 cm.
500 _aIncluye notas al pie de las páginas.
500 _aIncluye una reseña histórica de el Instituto de Estudios Iberoamericanos de Hamburgo
504 _aIncluye referencias bibliográficas.
650 0 _aREFORMA ECONÓMICA
_930925
651 4 _aCuba
_xPolítica Económica
_930926
651 4 _aCuba
_xCondiciones Económicas
_y1990-
_930927
650 4 _aSistemas económicos
_97422
700 1 _aHoffmann, Bert,
_eed.
_930928
700 1 _aCarranza, Julio.
_930929
700 1 _aCastro, Fidel
_d 1926-2016
_916971
700 1 _aMesa-Lago, Carmelo.
_930930
700 1 _aGunn, Gillian.
_930931
700 1 _aFerrer, Pedro Luis.
_930932
700 1 _aKummels, Ingrid.
_930933
700 1 _aVarela, Carlos.
_930934
700 1 _aMonreal, Pedro.
_930935
700 1 _aRúa del Llano, Manuel.
_930936
910 _aCatalogación por copia / LC
049 _aBNGR
049 _aBNGR
999 _c13187
_d13187